Help! somebody get me out of fourth grade!

Bibliographic Details
Main Author: Winkler, Henry
Other Authors: Oliver, Lin
Format: Book
Published: New York : Grosset & Dunlap , 2005
Series:Hank Zipzer
Subjects:

MARC

LEADER 00000cam a2200000 7i4500
001 0000011129
005 20151222.0
008 071107
020 |a 0448436191 
090 0 0 |a JF   |b ENG 
100 1 |a Winkler, Henry 
245 1 0 |a Help! somebody get me out of fourth grade!   |c Henry Winkler and Lin Oliver 
260 |a New York :   |b Grosset & Dunlap ,   |c 2005 
440 |a Hank Zipzer 
500 |a Children ages 10-12 years old (pink) 
650 0 |a English fiction 
650 0 |a Schools   |x Fiction 
700 1 |a Oliver, Lin 
999 |a 0000999700   |b Book   |c Children Collection   |e Perbadanan Perpustakaan Awam Johor 
999 |a 0000999701   |b Book   |c Children Collection   |e Cawangan Pontian 
999 |a 0000999702   |b Book   |c Children Collection   |e Perbadanan Perpustakaan Awam Johor